Responses for Show #3630 - Friday, May 19, 2000

2000 Tournament of Champions final game 2.
From the Atlanta Civic Center.

Contestants

[<< previous game]

Steve Fried, a technical support specialist from Phoenix, Arizona (subtotal of $4,500)

Jeremy Bate, a writer from Los Angeles, California (subtotal of $7,000)

Robin Carroll, a research assistant from Marietta, Georgia (subtotal of $8,000)

[next game >>]

Jeopardy! Round responses

INAUGURAL ADDRESSES
NEW GAME SHOWS?
ANATOMY
U.S. STAMPS
VOCABULARY
CRACKERS
    $100 26
Woodrow Wilson

Steve
    $100 21
[Steve did not give the leading article.]

The Hollywood Squares

Steve
    $100 15
endocrine

Steve
    $100 9
James Cagney

Steve
    $100 1
plume

Jeremy
    $100 16
a Ritz

Steve
    $200 27
(Jeremy: What is the Great Depression?)
(Robin: What is one-fifth?)

one-third

RobinJeremy
Triple Stumper
    $200 22
Double Dare

Robin
    $200 14
Eustachian tube

Steve
    $200 10
(Jeremy: Who is the Roadrunner?)

Big Bird

RobinJeremy
    $200 2
dimples

Robin
    $200 17
a soda cracker

Steve
    $300 28
U.S. Grant

Steve
    $300 23
Let's Make a Deal

Steve
    $300 6
alveoli

Jeremy
    $300 11
(Robin: What is oval?)

Triangular

Robin
Triple Stumper
    $300 3
coddle

Robin
    $300 18
Goldfish

Jeremy
    $400 29
William Henry Harrison

Robin
    $400 24
Supermarket Sweep

Jeremy
    $400 7
(Jeremy: What are leukocytes?)
(Alex: Be more specific...)
(Jeremy: What are...)

lymphocytes

Jeremy
Triple Stumper
    $500 12
Chinese New Year

Robin
    $400 4
kudos

Steve
    $400 19
Cheez-It

Steve
    $500 30
(Alex: [*] is right. That takes you to $4,800. A few moments ago, Steve, I credited you with $1,000 instead of $500, but you're in the lead, and by a hefty margin, I might add.)

James Buchanan

Steve
    $500 25
(Alex: [After Steve's correct response] Yes--for another $1,000.)
[Alex later acknowledges his error of saying $1,000 after the Jeopardy! Round when the clue value was $500.]

Alan Thicke

Steve
    $500 8
(2 of) duodenum, ileum & jejunum

Steve
    $500 13
(Robin: Who is Stanford White?)

Frederick Law Olmsted

Robin
Triple Stumper
    $500 5
faculty

Steve
    $500 20
an oyster cracker

Steve

Scores at the first commercial break (after clue 15):

Robin Jeremy Steve
$400 -$200 $1,800

Scores at the end of the Jeopardy! Round:

Robin Jeremy Steve
$800 $300 $4,800

Double Jeopardy! Round responses

GEORGIA
THE SIX WIVES OF HENRY VIII
GHASTLY OPERATIC DEMISES
EXPLORERS & TRAVELERS
AFRICAN-AMERICAN LIT
MIND YOUR "P"s & "Q"s
(Alex: Keep in mind that those two letters will come up in each correct response.)
    $200 17
Soviet Socialist Republic

Robin
    $200 16
Anne Boleyn

Steve
    $200 11
the guillotine

Jeremy
    $200 30
the Northwest Passage

Jeremy
    $200 1
Alice Walker

Steve
    $200 2
equip

Robin
    $400 28
the Black Sea

Steve
    $400 18
Catherine of Aragon

Robin
    $400 12
Anna Karenina

Steve
    $400 29
Marco Polo

Robin
    $400 3
Toni Morrison

Robin
    $400 5
(Steve: I'm sorry, I don't know.)

quadruple

RobinSteve
    $600 27
shish kebab

Jeremy
    $2,000 19
(Alex: [Before wager] When you're hot, you're hot!)
(Robin: $2,000 works for me.)
...
(Robin: Who is Catherine Parr?)
(Alex: No.)
(Robin: ...Howard.)

Anne of Cleves

Robin
    $600 13
Hoffmann

Robin
    $600 24
the Amazon

Steve
    $600 4
Frederick Douglass

Steve
    $600 8
piquant

Triple Stumper
    $800 26
George Balanchine

Steve
    $800 20
Jane Seymour

Robin
    $800 14
The Emperor Jones

Robin
    $800 23
(Steve: What's Norway?)

Russia

RobinSteve
    $800 6
Maya Angelou

Robin
    $800 9
(Steve: Oh, shoot, I did it again--I don't know!)
(Jeremy: What's quilting?)

appliqué

JeremySteve
Triple Stumper
    $1000 25
(Robin: Who is Eduard Shevardnadze?)
...
(Alex: I didn't know him either, folks! ... You were going to say that, Jeremy? Aw, well, you should have rung in. You could have been a contender!)

Zviad Gamsakhurdia

Robin
Triple Stumper
    $1000 21
Catherine Parr

Steve
    $2,000 15
(Alex: [After Robin's response] ...who wrote Hansel and Gretel also--that is correct. Yes.)

Engelbert Humperdinck

Robin
    $1000 22
(Jeremy: What is the Royal Geographic Society?)
(Robin: What is the National Geographic Society?)

the Royal Geographical Society

RobinJeremy
Triple Stumper
    $1000 7
Miss Jane Pittman

Jeremy
    $1000 10
paraquat

Jeremy

Scores at the end of the Double Jeopardy! Round:

Robin Jeremy Steve
$4,600 $1,500 $7,000

[wagering suggestions for these scores]

Final Jeopardy! Round responses

ASIAN HISTORY
(Alex: Thank you so much for your hospitality here in Atlanta, ladies and gentlemen. Congratulations to your hometown hero and we'll see you again on Monday from Los Angeles!)
JeremyWhat is Manchuria?
$1,500
RobinWhat is Vietnam?
$4,600
SteveWhat is the Malay?
$5,701
Korea

Final scores:

Robin Jeremy Steve
$0 $0 $1,299

Cumulative scores:

Robin Jeremy Steve
$8,000 $7,000 $5,799
Tournament champion: $100,000 1st runner-up: $15,000 minimum 2nd runner-up: $10,000 minimum

Game dynamics:

Coryat scores:

Robin Jeremy Steve
$5,500 $1,500 $7,000
18 R
(including 2 DDs),
6 W
(including 1 DD)
9 R,
5 W
24 R,
3 W

Combined Coryat: $14,000

[game clues] [game scores] [suggest correction]

Game tape date: 2000-03-19
The J! Archive is created by fans, for fans. Scraping, republication, monetization, and malicious use prohibited; this site may use cookies and collect identifying information. See terms. The Jeopardy! game show and all elements thereof, including but not limited to copyright and trademark thereto, are the property of Jeopardy Productions, Inc. and are protected under law. This website is not affiliated with, sponsored by, or operated by Jeopardy Productions, Inc. Join the discussion at JBoard.tv.